| Tag |
First Indicator |
Second Indicator |
Subfields |
| LEADER |
00000cam a2200000 a 4500 |
| 001 |
in00000074531 |
| 005 |
20151008053556.0 |
| 008 |
810815s1980 caua 00110 eng |
| 010 |
|
|
|a 80051035
|
| 020 |
|
|
|a 0895880423 (pbk.)
|
| 035 |
|
|
|a (OCoLC)06467754
|
| 035 |
|
|
|9 AAH7891AM
|
| 039 |
0 |
|
|a 2
|b 3
|c 3
|d 3
|e 3
|
| 040 |
|
|
|a DLC
|c DLC
|d TXA
|d UtOrBLW
|
| 049 |
|
|
|a TXAM
|c [1422002]
|
| 050 |
0 |
0 |
|a TK7895.M5
|b Z34 1980
|
| 082 |
0 |
|
|a 001.64
|2 19
|
| 100 |
1 |
|
|a Zaks, Rodnay.
|
| 245 |
1 |
0 |
|a Microprocessors from chips to systems /
|c Rodnay Zaks.
|
| 250 |
|
|
|a 3rd ed.
|
| 264 |
|
1 |
|a [Berkeley, Calif.] :
|b Sybex,
|c 1980.
|
| 300 |
|
|
|a 413 pages :
|b illustrations ;
|c 22 cm.
|
| 336 |
|
|
|a text
|b txt
|2 rdacontent
|
| 337 |
|
|
|a unmediated
|b n
|2 rdamedia
|
| 338 |
|
|
|a volume
|b nc
|2 rdacarrier
|
| 500 |
|
|
|a Includes index.
|
| 650 |
|
0 |
|a Microprocessors.
|
| 999 |
|
|
|a MARS
|
| 999 |
f |
f |
|s 906bd8fe-d4ea-3d65-904d-7975b62d1929
|i e7edabd1-08f6-3268-81dc-3ed2e75fd76a
|t 0
|
| 952 |
f |
f |
|p ric
|a Texas A&M University
|b Rellis Campus
|c Joint Library Facility
|d Remote Storage
|t 0
|e TK7895.M5 Z34 1980
|h Library of Congress classification
|i unmediated -- volume
|m A14806252767
|
| 998 |
f |
f |
|a TK7895.M5 Z34 1980
|t 0
|l Remote Storage
|